AU LIBRARIES
Centralized Library System Across Seven Campuses

Spreadsheet Modeling and Decision Analysis (Record no. 47535)

MARC details
000 -LEADER
fixed length control field 00542nam a22001937a 4500
005 - DATE AND TIME OF LATEST TRANSACTION
control field 20260506120720.0
008 - FIXED-LENGTH DATA ELEMENTS--GENERAL INFORMATION
fixed length control field 260506b |||||||| |||| 00| 0 eng d
020 ## - INTERNATIONAL STANDARD BOOK NUMBER
ISBN 978-1-305-94741-2
082 ## - DEWEY DECIMAL CLASSIFICATION NUMBER
Classification number 658.403
Author Mark RAG-S
100 ## - MAIN ENTRY--AUTHOR
Author Name Ragsdale, Cliff
245 ## - TITLE STATEMENT
Title Spreadsheet Modeling and Decision Analysis
250 ## - EDITION STATEMENT
Edition statement 8th Ed
260 ## - PUBLICATION, DISTRIBUTION, ETC.
Place of Publication Center Street Boston, MA 02210 USA
Name of publisher, distributor, etc. Cengage Learning
Date of publication, distribution, etc. 2018
300 ## - PHYSICAL DESCRIPTION
Pages 869 p.
500 ## - GENERAL NOTE
General note Includes index.
650 ## - SUBJECT ADDED ENTRY--TOPICAL TERM
Subject / Department Decision-making in management
650 ## - SUBJECT ADDED ENTRY--TOPICAL TERM
Subject / Department management
942 ## - ADDED ENTRY ELEMENTS (KOHA)
Koha item type Book
Holdings
Withdrawn status Lost status Damaged status Not for loan Collection code Permanent Location Current Location Shelving Location Date acquired Source of acquisition Price Inventory number Total Checkouts Full Call Number Accession No./Barcode Date last seen Koha item type
        Management Science Air University Kharian Campus Library Air University Kharian Campus Library Management Science 04/09/2026 Ali Book Services 4588.00 KA/10221   658.403 RAG-S AUKHP0658 05/06/2026 Book
Air University Sector E-9, Islamabad Pakistan
Email: librarian@au.edu.pk  Tel : +0092 51 9262612 Ext: 631